Physical activity towards health and fitness I ( PATH-FIT1) : (Record no. 3970)

MARC details
000 -LEADER
fixed length control field 00794nam a22002057a 4500
003 - CONTROL NUMBER IDENTIFIER
control field OSt
005 - DATE AND TIME OF LATEST TRANSACTION
control field 20250815060250.0
008 - FIXED-LENGTH DATA ELEMENTS--GENERAL INFORMATION
fixed length control field 250815b |||||||| |||| 00| 0 eng d
020 ## - INTERNATIONAL STANDARD BOOK NUMBER
International Standard Book Number 978-621-406-310-9
040 ## - CATALOGING SOURCE
Original cataloging agency DWC-Main Lib
Transcribing agency OC
082 ## - DEWEY DECIMAL CLASSIFICATION NUMBER
Classification number Fil. 613.7 P578 2022
100 ## - MAIN ENTRY--PERSONAL NAME
Personal name Ambrocio, John Lawrence T.
245 ## - TITLE STATEMENT
Title Physical activity towards health and fitness I ( PATH-FIT1) :
Remainder of title health & wellness, movement education and exercise program/
Statement of responsibility, etc. John Lawrence T. Ambrocio [and nine others]
260 ## - PUBLICATION, DISTRIBUTION, ETC.
Place of publication, distribution, etc. Manila, Philippines :
Name of publisher, distributor, etc. Mindshapers Co. Inc.,
Date of publication, distribution, etc. c2022.
300 ## - PHYSICAL DESCRIPTION
Extent x, 122 pages :
Other physical details illustrations ;
Dimensions 23cm.
504 ## - BIBLIOGRAPHY, ETC. NOTE
Bibliography, etc. note Includes bibliographical references.
650 ## - SUBJECT ADDED ENTRY--TOPICAL TERM
Topical term or geographic name entry element 1. Physical Fitness.
650 ## - SUBJECT ADDED ENTRY--TOPICAL TERM
Topical term or geographic name entry element 2. Physical Fitness-- Health aspects.
942 ## - ADDED ENTRY ELEMENTS (KOHA)
Source of classification or shelving scheme Dewey Decimal Classification
Koha item type Book-Filipiniana
Call number prefix Fil.
Suppress in OPAC No
952 ## - LOCATION AND ITEM INFORMATION (KOHA)
--
952 ## - LOCATION AND ITEM INFORMATION (KOHA)
--
Holdings
Withdrawn status Lost status Source of classification or shelving scheme Damaged status Not for loan Home library Current library Shelving location Date acquired Source of acquisition Cost, normal purchase price Total Checkouts Full call number Barcode Date last seen Copy number Price effective from Koha item type Uniform Resource Identifier
    Dewey Decimal Classification     College Library College Library Filipiniana 08/02/2023 School Fund 595.00   Fil. 613.7 P578 2022 CL53813 08/15/2025 c1 08/15/2025 BK - FIL
    Dewey Decimal Classification     College Library College Library Filipiniana 09/30/2023 School Fund 300.00   Fil. 613.7 P578 2022 CL53932 08/15/2025 c2 08/15/2025 BK - FIL